000 01128cad a22002055a 4500
001 L156190
008 120502s2012 xxk 000 0 eng d
035 _a(Sirsi) u156190
041 0 _aeng
110 2 _aInvestment Property Databank
_92288
245 0 0 _aIPD Pan-European Annual Property Index
_bresults for the year to 31st December 2011
_h[electronic resource]
260 _aLondon
_bIPD
_c2012
490 0 _aIPD Pan-European Annual Property Index
520 _aThe IPD Pan-European Annual Property Index measures the combined performance of real estate markets in eighteen countries.The Index is based on the IPD indices for Austria, Belgium, Czech Republic, Denmark, France, Germany, Hungary, Ireland, Italy, the Netherlands, Norway, Poland, Portugal, Spain, Sweden, Switzerland and the UK, and the KTI index for Finland. The return in 2011 in local currencies was 6.6%.
590 _aKA
651 4 _aEurope
690 _aCommercial property
_96227
856 4 0 _uhttps://www1.ipd.com/Pages/DNNPage.aspx?DestUrl=http%3a%2f%2fwww.ipd.com%2fsharepoint.aspx%3fTabId%3d937
_zView the summary at www.1.ipd.com
942 _n0
999 _c83963
_d83963